Orthopaedic physical therapy / (رقم التسجيلة. 79398)

تفاصيل مارك
000 -الفاتح
حقل البيانات ثابتة الطول 03310cam a2200409 a 4500
001 - رقم الضبط
رقم الضبط 299701100
003 - محدد رقم الضبط
رقم الضبط OCoLC
005 - وقت وتاريخ اخر تعامل مع التسجيلة
رقم الضبط 20210304190335.0
008 - عناصر البيانات ثابتة الطول - معلومات عامة
حقل البيانات ثابتة الطول 090121t20102010moua b 001 0 eng
010 ## - رقم ضبط مكتبة الكونجرس
رقم ضبط مكتبة الكونجرس 2009930550
020 ## - الرقم الدولى المعيارى للكتب
الرقم الدولى المعيارى للكتاب 9780443069420
020 ## - الرقم الدولى المعيارى للكتب
الرقم الدولى المعيارى للكتاب 0443069425
040 ## - مصدر الفهرسة
وكالة الفهرسة الأصلية NLM
وكالة النسخ NLM
وكالة التعديل BTCTA
-- YDXCP
-- AIC
-- WS$
-- VET
-- UKM
-- MMU
-- CDX
-- TULIB
-- UtOrBLW
042 ## - رمز التحقق
رمز التحقق nlmcopyc
060 00 - رقم الطلب بالمكتبة الطبية الوطنية
رقم التصنيف 2009 I-791
060 10 - رقم الطلب بالمكتبة الطبية الوطنية
رقم التصنيف WE 168
رقم المادة O7626 2010
082 04 - رقم تصنيف ديوى العشرى
رقم التصنيف 615.82
رقم الطبعة 22
رقم المادة ORP
090 ## - رقم الضبط المحلى
رقم تصنيف (OCLC) (R) ;رقم تصنيف, CALL (RLIN) (NR) RD736.P47
كتر محلي OCLC رقم كتاب / رقم طلب غير مقسم,رقم RLIN( غير مكرر) O79 2010
245 00 - بيان العنوان
العنوان Orthopaedic physical therapy /
بيان المسئوليه,etc [edited by] Robert A. Donatelli, Michael J. Wooden
250 ## - بيان الطبعة
بيان الطبعة Fourth edition
264 #1 - النشر, التوزيع, ETC. (IMPRINT)
مكان الناشر او الموزع St. Louis, MO :
اسم الناشر او الموزع Churchill Livingstone/Elsevier,
تاريخ النشر أو التوزيع [2010]
264 #4 - النشر, التوزيع, ETC. (IMPRINT)
تاريخ النشر أو التوزيع ℗♭2010
300 ## - الوصف المادى
التعداد xiv, 771 pages :
تفاصيل ماديه اخرى للوعاء illustrations ;
أبعاد الوعاء 29 cm
504 ## - تبصرة ببليوجرافية
تبصرة ببليوجرافية,الخ Includes bibliographical references and index
505 0# - تبصرة محتويات-الفهرس
تبصرة المحتويات المصاغة Fundamental principles -- Tissue response -- Exercise treatment of the rehabilitation patient: cardiopulmonary and peripheral responses -- Theory and practice of muscle strengthening in orthopaedic physical therapy -- Strength training concepts in the orthopaedic patient -- Symptom investigation -- Upper quarter -- Upper quarter evaluation: structural relationships and interdependence -- Temporomandibular disorders, head and orofacial pain: cervical spine considerations -- Dysfunction, evaluation, and treatment of the cervical spine and thoracic inlet -- Differential diagnosis and mobilization of the cervical and upper thoracic spine -- Shoulder -- Dysfunction, evaluation, and treatment of the elbow -- Dysfunction, evaluation, and treatment of the wrist and hand -- Reconstructive surgery of the wrist and hand -- Mobilization of the upper extremity -- Evaluation and training of the core -- Lower quarter -- Neuromuscular training -- Lumbopelvic system: anatomy, physiology, motor control, instability, and description of a unique treatment modality -- Advances in lumbar spine surgery -- Evaluation, diagnosis, and treatment of the lumbar-pelvic-hip complex -- Surgical treatment and rehabilitation of the hip complex -- Dysfunction, evaluation, and treatment of the knee -- Surgery of the knee and rehabilitation principles -- Dysfunction, evaluation, and treatment of the foot and ankle -- Overview of foot orthotics and prescription -- New advances in foot and ankle surgery and rehabilitation -- Mobilization of the lower extremity -- Special considerations -- Soft tissue mobilization -- Somatosensory, vestibular, and visual sensory integration: implications for neuromuscular control and balance in orthopaedic practice -- Exercises for the trunk, shoulder, hip, and knee: electromyographic evidence -- Evaluation and treatment of neural tissue pain disorders -- Manual therapy techniques for the thoracolumbar spine
650 #0 - المدخل الاضافى بالموضوع-مصطلح موضوعى
مصطلح موضوعي أو اسم جغرافي كعنصر مدخل Orthopedics
9 (RLIN) 88269
650 #0 - المدخل الاضافى بالموضوع-مصطلح موضوعى
مصطلح موضوعي أو اسم جغرافي كعنصر مدخل Physical therapy
9 (RLIN) 88270
650 #4 - المدخل الاضافى بالموضوع-مصطلح موضوعى
مصطلح موضوعي أو اسم جغرافي كعنصر مدخل Orthopedic procedures
التقسيم الفرعي الشكلي Methods
9 (RLIN) 88271
650 #4 - المدخل الاضافى بالموضوع-مصطلح موضوعى
مصطلح موضوعي أو اسم جغرافي كعنصر مدخل Musculoskeletal diseases
التقسيم الفرعي العام Therapy
9 (RLIN) 38497
650 #4 - المدخل الاضافى بالموضوع-مصطلح موضوعى
مصطلح موضوعي أو اسم جغرافي كعنصر مدخل Physical therapy modalities
9 (RLIN) 88272
650 12 - المدخل الاضافى بالموضوع-مصطلح موضوعى
مصطلح موضوعي أو اسم جغرافي كعنصر مدخل Orthopedic Procedures
التقسيم الفرعي العام methods
9 (RLIN) 56096
650 22 - المدخل الاضافى بالموضوع-مصطلح موضوعى
مصطلح موضوعي أو اسم جغرافي كعنصر مدخل Musculoskeletal Diseases
التقسيم الفرعي العام therapy
9 (RLIN) 38497
650 22 - المدخل الاضافى بالموضوع-مصطلح موضوعى
مصطلح موضوعي أو اسم جغرافي كعنصر مدخل Physical Therapy Modalities
9 (RLIN) 88273
700 1# - المدخل الاضافى - اسم شخصى
الإسم الشخصى Donatelli, Robert
9 (RLIN) 88274
700 1# - المدخل الاضافى - اسم شخصى
الإسم الشخصى Wooden, Michael J
9 (RLIN) 88275
942 ## - عناصر المدخل الإضافي( كوها)
مصدر التصنيف او مخطط الترفيف Dewey Decimal Classification
Koha [default] item type كتاب
المقتنيات
حالة الفقد نموذج السعر الفعال حالة تلف ليس للاعارة رقم الطلب تاريخ الاكتساب الموقع الحالي الباركود الفرع الرئيسي Date last seen نوع المادة فى نظام كوها مصدر التصنيف او خطة الترفيف Total Checkouts
  2021-03-04     615.82 ORP 2021-03-04 المكتبة المركزية بالمجمعة (CL) 00167104 المكتبة المركزية بالمجمعة (CL) 2021-03-04 كتاب Dewey Decimal Classification  
  2021-03-04     615.82 ORP 2021-03-04 المكتبة المركزية بالمجمعة (CL) 00167105 المكتبة المركزية بالمجمعة (CL) 2021-03-04 كتاب Dewey Decimal Classification  
  2021-03-04     615.82 ORP 2021-03-04 المكتبة المركزية بالمجمعة (CL) 00167106 المكتبة المركزية بالمجمعة (CL) 2021-03-04 كتاب Dewey Decimal Classification  
  2021-03-05     615.82 ORP 2021-03-05 مكتبة كلية العلوم الطبية التطبيقية بالمجمعة - طالبات (AMF) 00167323 مكتبة كلية العلوم الطبية التطبيقية بالمجمعة - طالبات (AMF) 2021-03-05 كتاب Dewey Decimal Classification  
  2021-03-05     615.82 ORP 2021-03-05 مكتبة كلية العلوم الطبية التطبيقية بالمجمعة - طالبات (AMF) 00167324 مكتبة كلية العلوم الطبية التطبيقية بالمجمعة - طالبات (AMF) 2021-03-05 كتاب Dewey Decimal Classification  
  2021-03-05     615.82 ORP 2021-03-05 مكتبة مجمع الكليات بالزلفى - طلاب (SZM) 00167325 مكتبة مجمع الكليات بالزلفى - طلاب (SZM) 2021-03-05 كتاب Dewey Decimal Classification  
  2021-03-05     615.82 ORP 2021-03-05 مكتبة مجمع الكليات بالزلفى - طلاب (SZM) 00167326 مكتبة مجمع الكليات بالزلفى - طلاب (SZM) 2021-03-05 كتاب Dewey Decimal Classification